| 000 | 02153nam a2200277Ia 4500 | ||
|---|---|---|---|
| 000 | 02706naaa 00397uu | ||
| 001 | https://directory.doabooks.org/handle/20.500.12854/38704 | ||
| 005 | 20260218105722.0 | ||
| 008 | 211013s9999 xx 000 0 und d | ||
| 024 | _a10.1515/9783110669466 | ||
| 042 | _adc | ||
| 245 | 0 | _aGerman and Dutch in Contrast | |
| 260 |
_aBerlin/Boston _bDe Gruyter _c2020 |
||
| 300 | _a1 electronic resource (356 p.) | ||
| 520 | _aDesigned as a contribution to contrastive linguistics, the present volume brings up-to-date the comparison of German with its closest neighbour, Dutch, and other Germanic relatives like English, Afrikaans, and the Scandinavian languages. It takes its inspiration from the idea of a Germanic Sandwich, i.e. the hypothesis that sets of genetically related languages diverge in systematic ways in diverse domains of the linguistic system. Its contributions set out to test this approach against new phenomena or data from synchronic, diachronic and, for the first time in a Sandwich-related volume, psycholinguistic perspectives. With topics ranging from nickname formation to the IPP (aka 'Ersatzinfinitiv'), from the grammaticalisation of the definite article to /s/-retraction, and from the role of verb-second order in the acquisition of L2 English to the psycholinguistics of gender, the volume appeals to students and specialists in modern and historical linguistics, psycholinguistics, translation studies, language pedagogy and cognitive science, providing a wealth of fresh insights into the relationships of German with its closest relatives while highlighting the potential inherent in the integration of different methodological traditions. | ||
| 540 | _aCreative Commons | ||
| 653 | _aGermanic | ||
| 700 | 1 | _aKoster, Dietha | |
| 700 | 1 | _aKoster, Dietha | |
| 700 | 1 | _aLeuschner, Torsten | |
| 700 | 1 | _aVogelaer, Gunther | |
| 700 | 1 | _aVogelaer, Gunther | |
| 856 |
_uhttps://docs.google.com/spreadsheets/d/1yKIrdCPDAG_9c22mwoOIO2DOhtj65Wqa/edit?usp=sharing&ouid=106555315294820607512&rtpof=true&sd=true _yList of Curated E-Books |
||
| 942 | _cE-BOOK | ||
| 999 |
_c90040 _d90037 |
||